000 01025naa a2200229 i 4500
001 10565
003 KOSZ 005
005 20180516155558.0
008 151117s1995 pl | | |100 ||pol
040 _cBPK
_dKOSZ 005/EG
041 _apol
080 _a658.14/.17
080 _a338.2
100 1 _aBIELAWSKA, Aurelia.
_d1996 - 1997.
_bPolitechnika Koszalińska - Instytut Ekonomii i Zarządzania,
_cZakład Finansów
245 1 0 _aFinansowe bariery tworzenia i rozwoju małych i średnich przedsiębiorstw /
_cAurelia Bielawska.
500 _aDane z autopsji.
650 0 _aTransformacja systemu społeczno-gospodarczego.
650 0 _aPrzedsiębiorstwo - finanse.
655 0 _aMateriały konferencyjne.
773 0 _iW :
_tProblemy zarządzania w okresie transformacji gospodarczej : materiały I Krajowej Konferencji, Koszalin, marzec 1995 / red. nauk. Kazimierz Dobrzański, Michał Jasiulewicz, Andrzej Suszyński. -
_dKoszalin : Wydaw. Uczelniane WSI, 1995. -
_gs. 113-119
942 _cROZ
_2UKD
999 _c10565
_d10565